Microsoft word 2000

Spremljeno u:
Bibliografski detalji
Glavni autor: Hutchinson, Sarah E.
Format: Knjiga
Jezik:Undetermined
Izdano: Boston, Mass. Irwin/McGraw-Hill 2000
Teme:
Oznake: Dodaj oznaku
Bez oznaka, Budi prvi tko označuje ovaj zapis!
Thư viện lưu trữ: Trung tâm Học liệu Trường Đại học Cần Thơ
LEADER 00494nam a2200181Ia 4500
001 CTU_117235
008 210402s9999 xx 000 0 und d
082 |a 652.5 
082 |b H975 
100 |a Hutchinson, Sarah E. 
245 0 |a Microsoft word 2000 
245 0 |c Sarah E. Hutchinson 
260 |a Boston, Mass. 
260 |b Irwin/McGraw-Hill 
260 |c 2000 
650 |a Microsoft Word,Word processing 
904 |i Hiếu 
980 |a Trung tâm Học liệu Trường Đại học Cần Thơ